ბათუმის შოთა რუსთაველის სახელმწიფო უნივერსიტეტის ბიბლიოთეკა

Новое в агротехнике ягодных культур (ბიბ.ჩანაწერი № 46443)

000 -LEADER
fixed length control field 00687nam a2200205Ia 4500
001 - CONTROL NUMBER
control field 13281
003 - CONTROL NUMBER IDENTIFIER
control field GE_BSU
008 - FIXED-LENGTH DATA ELEMENTS--GENERAL INFORMATION
fixed length control field 181216s||||||||xx |||||||||||||| ||und||
040 ## - CATALOGING SOURCE
Transcribing agency GE_BSU
080 ## - UNIVERSAL DECIMAL CLASSIFICATION NUMBER
Universal Decimal Classification number 634.7
245 ## - TITLE STATEMENT
Title Новое в агротехнике ягодных культур
245 ## - TITLE STATEMENT
Remainder of title Сборник переводов и обзоров из иностранной периодической литературы
245 ## - TITLE STATEMENT
Statement of responsibility, etc. Под.ред.В.Г.Трушечника
260 ## - PUBLICATION, DISTRIBUTION, ETC.
Place of publication, distribution, etc. Москва
260 ## - PUBLICATION, DISTRIBUTION, ETC.
Name of publisher, distributor, etc. Колос
260 ## - PUBLICATION, DISTRIBUTION, ETC.
Date of publication, distribution, etc. 1972
300 ## - PHYSICAL DESCRIPTION
Extent 231стр.20см.
653 ## - INDEX TERM--UNCONTROLLED
Uncontrolled term Новое в агротехнике ягодных культур
942 ## - ADDED ENTRY ELEMENTS (KOHA)
Koha item type წიგნი
ეგზემპლარები
Withdrawn status Lost status Damaged status Not for loan Date acquired Barcode Date last seen Price effective from Koha item type
        2018-12-17 20807 2018-12-17 2018-12-17 წიგნი